000 00580nam a2200169Ia 4500
003 IN-BaIIA
008 211028s9999 xx 000 0 eng d
040 _cIIA Library
080 _a52(083)
_bARG
100 _aArgelander, W. A.
_92605
245 0 _aAstronomische beobachtungen auf der strenwarte der koniglichen rheinischen friedrich wilhelms universitat zu bonn
_cArgelander, W. A.
260 _aBonn
_bBei Adolph Marcus
_c1852
300 _a99p.
650 _aAstronomy and Astrophysics Thesaurus
650 _aTables
942 _cBK
999 _c1234
_d1234